| 000 | 00689cam a2200169K 4500 | ||
|---|---|---|---|
| 082 | 0 | 4 |
_a355.009242 _bDUN |
| 100 | 1 |
_aDunsterville, L. C. _949313 |
|
| 245 | 1 | 4 |
_aThe adventures of Dunsterforce _cby Major-General L.C. Dunsterville. |
| 260 |
_aLondon, _bE. Arnold, _c1920. |
||
| 300 |
_a1 online resource (xi, 323 p.) _bfront., plates, ports., 2 fold. maps. |
||
| 500 | _aMap on lining-paper. | ||
| 526 |
_a0 _b0 _c0 _d355_009242000000000_DUN |
||
| 650 | 0 |
_aWorld War, 1914-1918 _xCampaigns _zTurkey and the Near East. _949314 |
|
| 856 | 4 | 0 | _uhttp://catalog.hathitrust.org/api/volumes/oclc/317431.html |
| 856 | 4 | 0 | _uhttp://catalog.hathitrust.org/api/volumes/oclc/59827545.html |
| 942 |
_2ddc _cBK |
||
| 999 |
_c552095 _d552095 |
||